000 00322nam a22001457a 4500
020 _a0-571-20354-X
082 _a823
_bARD/A
100 _aARDAGH, PHILIP
245 _aAWFUL END
260 _aLONDON
_bFABER AND FABER LIMITED
_c2000
300 _a129
520 _aCHILDRENS NOVEL
650 _aENGLISH NOVEL
942 _cBK
999 _c5729
_d5729